| 000 | 00491nam a22001937a 4500 | ||
|---|---|---|---|
| 003 | koha_MIRAKIL | ||
| 005 | 20231213100302.0 | ||
| 008 | 231213b |||||||| |||| 00| 0 ||| d | ||
| 020 | _b978-1-40486787-1 (board) | ||
| 040 |
_aTR-IsEVY _btur _cTR-IsEVY |
||
| 082 | _a420 DAH/H | ||
| 100 | _aDahl, Michael. | ||
| 245 | 0 | _aHippo says "excuse me" | |
| 260 |
_bPicture Window Books, _c2012 |
||
| 300 | _a[22] p. | ||
| 650 | _aAnimals | ||
| 650 | _aAnimals -- Fiction. | ||
| 942 |
_2ddc _cBK |
||
| 999 |
_c17510 _d17510 |
||